[Event "BPB Limburg-open C"]
[Site "Maastricht"]
[Date "2015.05.25"]
[Round "7"]
[White "Karsten, Simon"]
[Black "De Cocq, Ramin"]
[Result "1-0"]
[WhiteElo "1666"]
[BlackElo "1101"]
[PlyCount "65"]
[EventDate "2015.05.22"]
[EventType "swiss"]
[EventRounds "7"]
[EventCountry "NED"]
[Source "P.Boonen"]
[SourceDate "2015.01.01"]

1. b3 e5 2. Bb2 Nc6 3. e3 d5 4. Bb5 Bd6 5. Bxc6+ bxc6 6. d3 Nf6 7. Nd2 O-O 8.
Ne2 Qe7 9. Ng3 a5 10. O-O a4 11. bxa4 Rxa4 12. c4 Ra7 13. d4 exd4 14. exd4 dxc4
15. Nxc4 Bxg3 16. hxg3 Ba6 17. Ba3 Qe6 18. Bxf8 Qxc4 19. Bc5 Rb7 20. Re1 Rb8
21. Rb1 Rc8 22. Rb4 Qd5 23. Re5 Qd7 24. Qb3 Nd5 25. Rb8 Rxb8 26. Qxb8+ Bc8 27.
a4 f6 28. Re1 Kf7 29. a5 h6 30. Qb3 Kg6 31. Qd3+ Kf7 32. a6 Kg8 33. Qg6 1-0

[Event "BPB Limburg-open C"]
[Site "Maastricht"]
[Date "2015.05.25"]
[Round "7"]
[White "Kokolakis, Panagiotis"]
[Black "Vossen, Patrick"]
[Result "0-1"]
[WhiteElo "1379"]
[BlackElo "1453"]
[PlyCount "112"]
[EventDate "2015.05.22"]
[EventType "swiss"]
[EventRounds "7"]
[EventCountry "NED"]
[Source "P.Boonen"]
[SourceDate "2015.01.01"]

1. e4 c6 2. d4 d5 3. exd5 cxd5 4. c4 Nf6 5. Nc3 Nc6 6. Nf3 Bg4 7. Be2 dxc4 8.
Be3 e6 9. h3 Bf5 10. a3 Be7 11. O-O O-O 12. Bxc4 Na5 13. Bd3 Bxd3 14. Qxd3 a6
15. Nd2 Rc8 16. Rac1 Qd7 17. Nde4 h6 18. Nxf6+ Bxf6 19. Ne4 Be7 20. b4 Nc6 21.
Nc5 Bxc5 22. Rxc5 Rfd8 23. Rd1 Ne7 24. Rc2 Rxc2 25. Qxc2 Rc8 26. Qd2 Qc6 27.
Rc1 Qxc1+ 28. Qxc1 Rxc1+ 29. Bxc1 b5 30. g4 Nd5 31. Bd2 Kf8 32. Kf1 Ke7 33. Ke2
Kd6 34. Kd3 f6 35. Ke4 Ne7 36. Bf4+ Kc6 37. Bd2 Nc8 38. f4 Nd6+ 39. Kd3 Kd5 40.
h4 Ne4 41. Be3 f5 42. g5 h5 43. Bg1 Nd6 44. Be3 Nc8 45. Bd2 Ne7 46. Be1 Nc6 47.
Bc3 Ne7 48. Be1 Kc6 49. Bg3 Kb6 50. Kc2 Nd5 51. Kb3 Ne3 52. Bf2 Ng4 53. Bg1 Kc6
54. Kc2 Kd5 55. Kd3 g6 56. Kd2 Ke4 0-1

[Event "BPB Limburg-open C"]
[Site "Maastricht"]
[Date "2015.05.25"]
[Round "7"]
[White "Koolen, Tom"]
[Black "Disters, Ingrid"]
[Result "0-1"]
[WhiteElo "900"]
[BlackElo "1182"]
[PlyCount "56"]
[EventDate "2015.05.22"]
[EventType "swiss"]
[EventRounds "7"]
[EventCountry "NED"]
[Source "P.Boonen"]
[SourceDate "2015.01.01"]

1. e4 c6 2. d4 d5 3. exd5 cxd5 4. c4 Nf6 5. Qb3 Nc6 6. Nf3 e6 7. Nc3 Be7 8. Ne5
O-O 9. Nxc6 bxc6 10. Bd3 c5 11. Qc2 cxd4 12. Ne2 e5 13. f3 Bb7 14. cxd5 Bxd5
15. Bg5 Bb4+ 16. Kf1 Be7 17. Bxf6 Bxf6 18. Bxh7+ Kh8 19. Qf5 g6 20. Qh3 Bh4 21.
g3 Kxh7 22. gxh4 Kg7 23. Rg1 Qf6 24. Kf2 e4 25. Rg3 exf3 26. Ng1 d3 27. Nxf3
Qxb2+ 28. Ke3 Rfe8+ 0-1

[Event "BPB Limburg-open C"]
[Site "Maastricht"]
[Date "2015.05.25"]
[Round "7"]
[White "Korinth, Leonardo Enrico"]
[Black "Woyave, Pascal"]
[Result "1-0"]
[WhiteElo "1665"]
[BlackElo "1558"]
[PlyCount "91"]
[EventDate "2015.05.22"]
[EventType "swiss"]
[EventRounds "7"]
[EventCountry "NED"]
[Source "P.Boonen"]
[SourceDate "2015.01.01"]

1. e4 c6 2. d3 d5 3. Nd2 dxe4 4. dxe4 e6 5. Ngf3 Nd7 6. g3 Ngf6 7. Bg2 Be7 8.
O-O O-O 9. a3 Qc7 10. b4 b6 11. Bb2 Ba6 12. c4 Rad8 13. Qc2 Bb7 14. Rad1 a6 15.
Rfe1 c5 16. e5 Ne8 17. b5 axb5 18. cxb5 Bd5 19. Ne4 Qb7 20. Nfg5 g6 21. Nh3 f5
22. exf6 Ndxf6 23. Nxf6+ Bxf6 24. Bf1 Be4 25. Qb3 Bf5 26. Rxd8 Bxd8 27. Nf4 Qf7
28. Bc4 Nd6 29. a4 Nxc4 30. Qxc4 Re8 31. Qc3 e5 32. Rxe5 Bf6 33. Rxe8+ Qxe8 34.
Qxf6 Qe1+ 35. Kg2 Qe4+ 36. f3 Qc2+ 37. Kf1 Qd1+ 38. Kf2 Qd2+ 39. Ne2 Qd7 40.
Qh8+ Kf7 41. Qxh7+ Ke8 42. Qh8+ Ke7 43. Qf6+ Ke8 44. Qe5+ Kd8 45. Qf6+ Kc8 46.
Qxb6 1-0

[Event "BPB Limburg-open C"]
[Site "Maastricht"]
[Date "2015.05.25"]
[Round "7"]
[White "Krug, Franz-Dieter"]
[Black "Kalkman de Koster, Franzke"]
[Result "1/2-1/2"]
[WhiteElo "1639"]
[BlackElo "1558"]
[PlyCount "58"]
[EventDate "2015.05.22"]
[EventType "swiss"]
[EventRounds "7"]
[EventCountry "NED"]
[Source "P.Boonen"]
[SourceDate "2015.01.01"]

1. d4 d5 2. c4 Nf6 3. cxd5 Nxd5 4. Nc3 c6 5. e4 Nf6 6. Bg5 Nfd7 7. Nf3 g6 8.
Bd3 Bg7 9. Qc2 Qc7 10. O-O e5 11. Nb5 Qb6 12. Nd6+ Kf8 13. Nxc8 Qc7 14. Be7+
Ke8 15. d5 Qxc8 16. d6 Bf8 17. Bxf8 Rxf8 18. Qc3 f6 19. Rad1 Kf7 20. Bc4+ Kg7
21. Nh4 Nc5 22. Rfe1 Qg4 23. Qf3 Qxh4 24. b4 Ncd7 25. Be6 Qf4 26. Qh3 Rd8 27.
Rd3 Qh6 28. Qg4 Qg5 29. Qd1 h5 {.....} 1/2-1/2

[Event "BPB Limburg-open C"]
[Site "Maastricht"]
[Date "2015.05.25"]
[Round "7"]
[White "Kumpen, Jona"]
[Black "Snyers, Antoine"]
[Result "1-0"]
[WhiteElo "1607"]
[BlackElo "1556"]
[PlyCount "55"]
[EventDate "2015.05.22"]
[EventType "swiss"]
[EventRounds "7"]
[EventCountry "NED"]
[Source "P.Boonen"]
[SourceDate "2015.01.01"]

1. d4 Nf6 2. Nf3 d5 3. e3 Bf5 4. c4 e6 5. Be2 Bb4+ 6. Bd2 c5 7. a3 Qa5 8. Nc3
Bxc3 9. Bxc3 Qc7 10. dxc5 a5 11. Bxf6 gxf6 12. cxd5 Qxc5 13. dxe6 Bxe6 14. Rc1
Qb6 15. Qd4 Nd7 16. Qxb6 Nxb6 17. Nd4 Rc8 18. Rxc8+ Bxc8 19. Kd2 Ke7 20. Rc1
Rd8 21. Bb5 a4 22. Rc7+ Kf8 23. Bd3 Nd5 24. Rc1 Nf4 25. exf4 Rxd4 26. Rxc8+ Ke7
27. Rc4 Rxc4 28. Bxc4 1-0

[Event "BPB Limburg-open C"]
[Site "Maastricht"]
[Date "2015.05.25"]
[Round "7"]
[White "Kumpen, Kurt"]
[Black "Fortenbacher, Dominic"]
[Result "1/2-1/2"]
[WhiteElo "1417"]
[BlackElo "1520"]
[PlyCount "56"]
[EventDate "2015.05.22"]
[EventType "swiss"]
[EventRounds "7"]
[EventCountry "NED"]
[Source "P.Boonen"]
[SourceDate "2015.01.01"]

1. d4 d5 2. Nf3 Nf6 3. Bf4 Bf5 4. c4 e6 5. a3 Nbd7 6. c5 c6 7. h3 b6 8. b4 a5
9. Nc3 Ne4 10. Qc1 axb4 11. axb4 bxc5 12. bxc5 Rxa1 13. Qxa1 Be7 14. e3 O-O 15.
Nxe4 Bxe4 16. Be2 f6 17. O-O Bxf3 18. Bxf3 g5 19. Bh2 f5 20. g4 fxg4 21. Bxg4
Nf6 22. Bxe6+ Kg7 23. Be5 h5 24. Qa6 Qe8 25. Qb7 Kh6 26. f3 Bxc5 27. dxc5 Qxe6
28. Bd4 Qxh3 1/2-1/2

[Event "BPB Limburg-open C"]
[Site "Maastricht"]
[Date "2015.05.25"]
[Round "7"]
[White "Kusse, Marcel"]
[Black "Hotwani, Rahul"]
[Result "0-1"]
[WhiteElo "1520"]
[BlackElo "1697"]
[PlyCount "160"]
[EventDate "2015.05.22"]
[EventType "swiss"]
[EventRounds "7"]
[EventCountry "NED"]
[Source "P.Boonen"]
[SourceDate "2015.01.01"]

1. e4 e5 2. Nf3 Nc6 3. c3 Nf6 4. d4 d6 5. dxe5 dxe5 6. Qxd8+ Nxd8 7. Bd3 Bd6 8.
Nbd2 Bg4 9. Nc4 Nc6 10. Nxd6+ cxd6 11. Nd2 d5 12. exd5 Nxd5 13. Nc4 Rd8 14. Bc2
Be6 15. Ba4 Nxc3 16. bxc3 Bxc4 17. Ba3 b5 18. Bd1 f6 19. Be2 Na5 20. Bc5 Rd7
21. Rd1 Rxd1+ 22. Kxd1 a6 23. Bxc4 Nxc4 24. Kc2 Kf7 25. Rd1 Ke6 26. Kb3 Na5+
27. Kb4 Nc6+ 28. Kb3 Rd8 29. Rxd8 Nxd8 30. c4 Nc6 31. a4 Na5+ 32. Kb4 Nxc4 33.
axb5 axb5 34. Kxb5 Kd5 35. h4 h5 36. Bf8 Nd6+ 37. Kb4 Nf5 38. g3 e4 39. Kc3 e3
40. fxe3 Ke4 41. Kd2 g6 42. Bc5 Nxg3 43. Bd4 Kf3 44. Kd3 Ne4 45. Bb6 Nf2+ 46.
Kd4 Kg3 47. e4 Kxh4 48. Bd8 Kg5 49. e5 Kf5 50. exf6 Ke6 51. Ke3 Ng4+ 52. Kf4
Kf7 53. Kg5 Nf2 54. Kf4 Nd3+ 55. Kg5 Ne5 56. Bc7 Nd7 57. Bd8 Nf8 58. Kh4 Nh7
59. Be7 Nxf6 60. Ba3 Ne4 61. Bc1 Ke6 62. Be3 Kf5 63. Bc1 Nf6 64. Bd2 Nd5 65.
Bg5 Nf4 66. Bd8 Ne6 67. Be7 Nd4 68. Bd8 Nf3+ 69. Kg3 Ke4 70. Be7 h4+ 71. Kh3
Kf5 72. Bd8 g5 73. Bxg5 Kxg5 74. Kg2 Kg4 75. Kh1 Ng5 76. Kh2 Kf3 77. Kh1 Kg3
78. Kg1 Nh3+ 79. Kh1 Nf2+ 80. Kg1 h3 0-1

[Event "BPB Limburg-open C"]
[Site "Maastricht"]
[Date "2015.05.25"]
[Round "7"]
[White "Kutchoukov, Daniel"]
[Black "Van Kanten, Brian"]
[Result "1-0"]
[WhiteElo "1471"]
[BlackElo "1564"]
[PlyCount "167"]
[EventDate "2015.05.22"]
[EventType "swiss"]
[EventRounds "7"]
[EventCountry "NED"]
[Source "P.Boonen"]
[SourceDate "2015.01.01"]

1. e4 c5 2. Nf3 Nc6 3. d4 cxd4 4. Nxd4 Nf6 5. Nc3 e5 6. Ndb5 d6 7. Bg5 a6 8.
Na3 b5 9. Nd5 Be7 10. Nxe7 Nxe7 11. f3 Bb7 12. c4 b4 13. Nc2 a5 14. Ne3 Qd7 15.
Nd5 Nfxd5 16. cxd5 f6 17. Be3 O-O 18. Bc4 Ba6 19. Bxa6 Rxa6 20. Qd3 Raa8 21.
Rc1 Qb7 22. O-O Rfc8 23. Rxc8+ Rxc8 24. Rc1 Rxc1+ 25. Bxc1 a4 26. b3 axb3 27.
Qxb3 Qc7 28. Bd2 Qc5+ 29. Kh1 Qf2 30. Qd1 Ng6 31. Qe1 Qa7 32. Bxb4 Qxa2 33.
Bxd6 Nf4 34. Qf1 Kf7 35. g3 Ne2 36. Bc5 Qc4 37. Kg2 Nf4+ 38. gxf4 Qxc5 39. fxe5
fxe5 40. Qa6 Qe7 41. Kh1 g6 42. Qc6 h6 43. Qc3 h5 44. Qd2 Kf6 45. f4 Kf7 46. d6
Qa7 47. Qd5+ Kf8 48. Qxe5 Qf2 49. Qf6+ Kg8 50. Qxg6+ Kf8 51. Qh6+ Kg8 52. Qg5+
Kf8 53. Qd8+ Kg7 54. Qg5+ Kf8 55. Qg3 Qf1+ 56. Qg1 Qf3+ 57. Qg2 Qxf4 58. Qe2
Qxd6 59. Qxh5 Qd2 60. Qf5+ Ke7 61. Qe5+ Kf8 62. Qb8+ Ke7 63. Qc7+ Kf6 64. Qb6+
Ke7 65. Qg1 Qe2 66. Qg5+ Kf7 67. Qf4+ Ke7 68. h4 Qe1+ 69. Kg2 Qe2+ 70. Kh3 Qd3+
71. Kg4 Qd7+ 72. Kg5 Qd1 73. h5 Qg1+ 74. Kf5 Qh1 75. h6 Qh3+ 76. Kg6 Ke8 77.
Qf7+ Kd8 78. Kg7 Qg4+ 79. Qg6 Qd7+ 80. Kg8 Qd3 81. Qf6+ Ke8 82. Qf7+ Kd8 83.
Qd5+ Qxd5+ 84. exd5 1-0

[Event "BPB Limburg-open C"]
[Site "Maastricht"]
[Date "2015.05.25"]
[Round "7"]
[White "Lammes, Pim"]
[Black "Oosterlinck, Freddy"]
[Result "1/2-1/2"]
[WhiteElo "1631"]
[BlackElo "1356"]
[PlyCount "54"]
[EventDate "2015.05.22"]
[EventType "swiss"]
[EventRounds "7"]
[EventCountry "NED"]
[Source "P.Boonen"]
[SourceDate "2015.01.01"]

1. e4 c6 2. d4 d5 3. e5 Bf5 4. Ne2 e6 5. Ng3 Bg6 6. Be3 Qb6 7. b3 Nd7 8. c4 Be7
9. Be2 f6 10. f4 fxe5 11. fxe5 Nxe5 12. Qd2 Nd7 13. Nh5 Bxh5 14. Bxh5+ g6 15.
Bg4 O-O-O 16. Bxe6 Ngf6 17. Qd3 Ne4 18. Nd2 Nxd2 19. Qxd2 Bd6 20. O-O-O Rhe8
21. Bxd7+ Rxd7 22. g3 Qc7 23. Rde1 Rde7 24. Bg5 Rxe1+ 25. Rxe1 Rxe1+ 26. Qxe1
Qf7 27. Qe2 Qd7 1/2-1/2

[Event "BPB Limburg-open C"]
[Site "Maastricht"]
[Date "2015.05.25"]
[Round "7"]
[White "Langbroek, Aarnout"]
[Black "Nissel, Andreas"]
[Result "0-1"]
[WhiteElo "1679"]
[BlackElo "1628"]
[PlyCount "110"]
[EventDate "2015.05.22"]
[EventType "swiss"]
[EventRounds "7"]
[EventCountry "NED"]
[Source "P.Boonen"]
[SourceDate "2015.01.01"]

1. e4 e6 2. d4 d5 3. exd5 exd5 4. Nf3 Nf6 5. Bd3 Bd6 6. c3 Qe7+ 7. Qe2 Qxe2+ 8.
Bxe2 Bf5 9. O-O O-O 10. Bg5 Nbd7 11. Nbd2 Rae8 12. Rfe1 Ne4 13. Nxe4 dxe4 14.
Nd2 h6 15. Be3 Bg6 16. Nc4 f5 17. Nxd6 cxd6 18. Bc4+ Bf7 19. Bxf7+ Rxf7 20. Bf4
Rf6 21. h4 Nb6 22. b3 Rc8 23. c4 d5 24. c5 Nd7 25. Rac1 Nf8 26. b4 Ng6 27. Be5
Ra6 28. Re2 Nxh4 29. Rec2 Ng6 30. b5 Re6 31. Bh2 Ne7 32. a4 Kf7 33. Rc3 g5 34.
Kf1 f4 35. g4 f3 36. Ke1 Ng6 37. Bg3 Nf4 38. Bxf4 gxf4 39. Kd2 Rce8 40. Re1 Rg8
41. c6 bxc6 42. bxc6 Rc8 43. Rec1 Rc7 44. Rc5 e3+ 45. fxe3 fxe3+ 46. Ke1 Rd6
47. R1c3 Kg6 48. Rxe3 Kg5 49. Rxf3 Kxg4 50. Re3 Rcxc6 51. Re5 Re6 52. Rcxd5
Rxe5+ 53. dxe5 Re6 54. Kd2 Kf5 55. Ra5 a6 {.....} 0-1

[Event "BPB Limburg-open C"]
[Site "Maastricht"]
[Date "2015.05.25"]
[Round "7"]
[White "Laureys, Jo"]
[Black "Boudry, Rik"]
[Result "1-0"]
[WhiteElo "1283"]
[BlackElo "1355"]
[PlyCount "86"]
[EventDate "2015.05.22"]
[EventType "swiss"]
[EventRounds "7"]
[EventCountry "NED"]
[Source "P.Boonen"]
[SourceDate "2015.01.01"]

1. d4 d6 2. Nf3 Bg4 3. Nbd2 c6 4. e3 Bxf3 5. Nxf3 Nf6 6. b3 Nbd7 7. Bd3 d5 8.
O-O e6 9. Bb2 Bd6 10. Re1 Bb4 11. c3 Bd6 12. e4 dxe4 13. Bxe4 Nxe4 14. Rxe4 Qe7
15. Qc2 O-O-O 16. c4 h5 17. d5 e5 18. Bc1 c5 19. Bd2 h4 20. h3 Rh5 21. Rg4 Re8
22. Bg5 f6 23. Bxh4 Rf8 24. Qg6 Qe8 25. Re1 f5 26. Qxe8+ Rxe8 27. Rg5 Nf6 28.
Rxg7 Ne4 29. Rg6 Kd7 30. Rg7+ Kc8 31. g4 fxg4 32. hxg4 Rhh8 33. Rxe4 Ref8 34.
Bg3 Rxf3 35. Bxe5 Bxe5 36. Rxe5 Rfh3 37. Kf1 Rh1+ 38. Ke2 Ra1 39. a4 Ra2+ 40.
Kd3 Rxf2 41. d6 Rh3+ 42. Re3 Rxe3+ 43. Kxe3 Rf8 {.....} 1-0

[Event "BPB Limburg-open C"]
[Site "Maastricht"]
[Date "2015.05.25"]
[Round "7"]
[White "Lenaerts, Robbe"]
[Black "Reyskens, Jules"]
[Result "1/2-1/2"]
[WhiteElo "1260"]
[BlackElo "1688"]
[PlyCount "114"]
[EventDate "2015.05.22"]
[EventType "swiss"]
[EventRounds "7"]
[EventCountry "NED"]
[Source "P.Boonen"]
[SourceDate "2015.01.01"]

1. d4 Nf6 2. Nf3 d5 3. e3 Bf5 4. Be2 e6 5. O-O Nbd7 6. b3 c6 7. Bb2 Be7 8. Nbd2
O-O 9. Ne5 Rc8 10. f4 Ne4 11. Bd3 Nxd2 12. Qxd2 Bxd3 13. Qxd3 Nf6 14. Rf3 Ne4
15. Rh3 Bh4 16. Rf1 f5 17. Qe2 Be7 18. Qh5 Nf6 19. Qh4 Qe8 20. c4 h6 21. Qg3
Ng4 22. Nxg4 fxg4 23. Qxg4 Rf6 24. Rg3 Bf8 25. e4 Kh7 26. f5 Rc7 27. Rgf3 Rcf7
28. fxe6 Rxf3 29. Rxf3 Rxf3 30. Qxf3 Qxe6 31. Qf5+ Qxf5 32. exf5 Be7 33. g4 Bf6
34. c5 b6 35. b4 bxc5 36. bxc5 h5 37. h3 g6 38. fxg6+ Kxg6 39. gxh5+ Kxh5 40.
Kg2 Bg5 41. Kg3 Be3 42. Kf3 Bd2 43. a4 Kh4 44. Kg2 Kg5 45. Kg3 Bf4+ 46. Kf3 Bd2
47. a5 a6 48. Kg3 Bxa5 49. Bc1+ Kf5 50. Kf3 Bd8 51. Bd2 a5 52. Be1 a4 53. h4 a3
54. h5 a2 55. Bc3 Ba5 56. Bb2 Bd2 57. Ba1 Bh6 1/2-1/2

[Event "BPB Limburg-open C"]
[Site "Maastricht"]
[Date "2015.05.25"]
[Round "7"]
[White "Lennartz, Ludwig"]
[Black "Loutragotis, Dimitrios"]
[Result "0-1"]
[WhiteElo "1668"]
[BlackElo "1659"]
[PlyCount "52"]
[EventDate "2015.05.22"]
[EventType "swiss"]
[EventRounds "7"]
[EventCountry "NED"]
[Source "P.Boonen"]
[SourceDate "2015.01.01"]

1. e4 e6 2. d4 d5 3. Nc3 Nf6 4. Bg5 Be7 5. e5 Nfd7 6. h4 h6 7. Bxe7 Qxe7 8. Qg4
O-O 9. f4 a6 10. O-O-O c5 11. Nf3 cxd4 12. Nxd4 Nc6 13. Rh3 Ndb8 14. Rg3 f6 15.
Qg6 fxe5 16. fxe5 Nxd4 17. Rxd4 Rxf1+ 18. Nd1 Nc6 19. Rdg4 Nxe5 20. Qxg7+ Qxg7
21. Rxg7+ Kf8 22. Rg8+ Ke7 23. Rh8 Nf7 24. Rg7 e5 25. Kd2 Rxd1+ 26. Kxd1 Bg4+
0-1

[Event "BPB Limburg-open C"]
[Site "Maastricht"]
[Date "2015.05.25"]
[Round "7"]
[White "Maass, Andre"]
[Black "Chappin, Rene"]
[Result "1/2-1/2"]
[WhiteElo "1483"]
[BlackElo "1608"]
[PlyCount "84"]
[EventDate "2015.05.22"]
[EventType "swiss"]
[EventRounds "7"]
[EventCountry "NED"]
[Source "P.Boonen"]
[SourceDate "2015.01.01"]

1. c4 c5 2. g3 g6 3. Bg2 Bg7 4. Nc3 Nc6 5. d3 d6 6. Nf3 Nf6 7. O-O O-O 8. a3
Rb8 9. Rb1 a5 10. e3 Bd7 11. Qc2 Qc8 12. Nb5 Bh3 13. Bd2 h5 14. e4 Bxg2 15.
Kxg2 b6 16. Nc3 Ng4 17. Nd5 Nge5 18. Ne1 e6 19. Ne3 Nd4 20. Qd1 f5 21. f4 Ng4
22. Nxg4 hxg4 23. Nc2 Nf3 24. Ne1 Nd4 25. Nc2 Qc7 26. Nxd4 Bxd4 27. Bc3 Qg7 28.
Bxd4 Qxd4 29. Qe2 Kf7 30. Rfe1 Rbe8 31. e5 dxe5 32. Qxe5 Qxd3 33. Rbd1 Qxc4 34.
Qc7+ Re7 35. Qxb6 Rh8 36. Qxa5 Qb3 37. Rd2 Rc8 38. Rde2 Qd3 39. Kg1 Qd4+ 40.
Kg2 Qd5+ 41. Kg1 Qd4+ 42. Kg2 Qd5+ 1/2-1/2

[Event "BPB Limburg-open C"]
[Site "Maastricht"]
[Date "2015.05.25"]
[Round "7"]
[White "Mang, Dalya"]
[Black "Haarsma, Rob"]
[Result "0-1"]
[WhiteElo "900"]
[BlackElo "1421"]
[PlyCount "74"]
[EventDate "2015.05.22"]
[EventType "swiss"]
[EventRounds "7"]
[EventCountry "NED"]
[Source "P.Boonen"]
[SourceDate "2015.01.01"]

1. d4 Nf6 2. Nf3 d5 3. Bf4 e6 4. e3 Bd6 5. Bg5 b6 6. c4 Ba6 7. b3 h6 8. Bh4 g5
9. Bg3 Bxg3 10. hxg3 Nbd7 11. Bd3 Bb7 12. Nc3 Qe7 13. Ne5 O-O-O 14. a4 dxc4 15.
Bxc4 Nxe5 16. Qe2 Nxc4 17. Qxc4 a5 18. f3 Nd5 19. Nxd5 exd5 20. Qe2 Qb4+ 21.
Qd2 Qxb3 22. Kf2 Ba6 23. Rhc1 Qd3 24. Qxd3 Bxd3 25. Rc3 Bf5 26. Rac1 Rd7 27.
Rb3 Kb7 28. Rcc3 Rd6 29. Rb2 Bd7 30. Ra3 Rc6 31. Rb5 Rc2+ 32. Ke1 Bxb5 33. Kd1
Rxg2 34. g4 Be2+ 35. Kc2 Bxf3+ 36. Kb3 Re8 37. Ra1 Rxe3# 0-1

[Event "BPB Limburg-open C"]
[Site "Maastricht"]
[Date "2015.05.25"]
[Round "7"]
[White "Mang, Jessie"]
[Black "Schroeder, Janina"]
[Result "0-1"]
[WhiteElo "955"]
[BlackElo "1422"]
[PlyCount "134"]
[EventDate "2015.05.22"]
[EventType "swiss"]
[EventRounds "7"]
[EventCountry "NED"]
[Source "P.Boonen"]
[SourceDate "2015.01.01"]

1. e4 e5 2. Nf3 Nc6 3. Bc4 Be7 4. d4 exd4 5. Nxd4 Ne5 6. Bb3 Nf6 7. O-O Bc5 8.
Nc3 d6 9. h3 a6 10. Be3 O-O 11. f4 Nc6 12. Qd2 Re8 13. Nxc6 Bxe3+ 14. Qxe3 bxc6
15. Qf3 Bb7 16. Rae1 g6 17. e5 Nd7 18. e6 fxe6 19. Bxe6+ Kg7 20. Qg3 Nc5 21. f5
Nxe6 22. fxe6 Bc8 23. Qg4 Re7 24. Qd4+ Kg8 25. Qf6 Qe8 26. Qf7+ Qxf7 27. Rxf7
Rxf7 28. exf7+ Kxf7 29. g4 Bd7 30. Kg2 c5 31. Kg3 Bc6 32. Kf4 h6 33. h4 Rb8 34.
b3 Rb4+ 35. Kg3 Rd4 36. Re2 a5 37. Nd1 Rxd1 38. Rf2+ Kg7 39. g5 hxg5 40. hxg5
Rg1+ 41. Kh4 Rg2 42. Rxg2 Bxg2 43. Kg3 Be4 44. c3 Bb1 45. a3 Ba2 46. b4 cxb4
47. cxb4 axb4 48. axb4 Bc4 49. Kf4 c5 50. bxc5 dxc5 51. Ke3 Bb3 52. Kd3 c4+ 53.
Kd2 Kf7 54. Ke3 Ke6 55. Kd4 Kf5 56. Kc3 Kxg5 57. Kd2 Kf4 58. Ke2 g5 59. Kd2 g4
60. Ke2 g3 61. Ke1 c3 62. Ke2 c2 63. Kd2 g2 64. Kc3 c1=Q+ 65. Kxb3 g1=Q 66. Kb4
Qb6+ 67. Ka4 Qa1# 0-1

[Event "BPB Limburg-open C"]
[Site "Maastricht"]
[Date "2015.05.25"]
[Round "7"]
[White "Marechal, Georges"]
[Black "Johnen, Franz"]
[Result "1-0"]
[WhiteElo "1653"]
[BlackElo "1717"]
[PlyCount "105"]
[EventDate "2015.05.22"]
[EventType "swiss"]
[EventRounds "7"]
[EventCountry "NED"]
[Source "P.Boonen"]
[SourceDate "2015.01.01"]

1. e4 c5 2. Nf3 Nc6 3. Bb5 Qc7 4. c3 e6 5. O-O Nf6 6. Re1 Be7 7. d4 cxd4 8.
cxd4 d5 9. e5 Ne4 10. Nbd2 Bb4 11. a3 Bxd2 12. Bxd2 Bd7 13. Bxc6 Bxc6 14. Bb4
a5 15. Bd2 O-O 16. Rc1 Qb6 17. b4 a4 18. Be3 Rac8 19. Re2 Bb5 20. Rec2 Bc4 21.
Rb2 Bb3 22. Qf1 Rc6 23. Rxc6 Qxc6 24. Qc1 Rc8 25. Qxc6 Rxc6 26. Rb1 b5 27. Rc1
Nc3 28. Kh1 Rc4 29. Nd2 Na2 30. Nxc4 Nxc1 31. Nd6 Nd3 32. Nxb5 Nb2 33. Nc7 Nc4
34. b5 Na5 35. Bd2 Nb7 36. Bb4 Bc4 37. f4 g6 38. Kg1 Kg7 39. b6 Nd8 40. Kf2 Nb7
41. Ne8+ Kg8 42. Nd6 Ba6 43. Ne8 h5 44. g3 Bb5 45. Nf6+ Kg7 46. Ke3 Bc6 47. h4
Nd8 48. Kd2 Nb7 49. Kc3 Bb5 50. Be7 Bc4 51. Kb4 Bb3 52. Kb5 Bc2 53. Kc6 1-0

[Event "BPB Limburg-open C"]
[Site "Maastricht"]
[Date "2015.05.25"]
[Round "7"]
[White "Michielsen, Kobus"]
[Black "Wenzel, Jakoba"]
[Result "1-0"]
[WhiteElo "1617"]
[BlackElo "1176"]
[PlyCount "57"]
[EventDate "2015.05.22"]
[EventType "swiss"]
[EventRounds "7"]
[EventCountry "NED"]
[Source "P.Boonen"]
[SourceDate "2015.01.01"]

1. e4 e6 2. d4 d5 3. e5 c5 4. c3 c4 5. Be2 g6 6. Nf3 h6 7. O-O Bg7 8. Bf4 f5 9.
exf6 Nxf6 10. Ne5 O-O 11. Nxg6 Rf7 12. Qc2 Ne4 13. Qc1 Rf5 14. Bxh6 Qf6 15.
Bxg7 Qxg7 16. Ne5 Rg5 17. Bf3 Nd7 18. Nxd7 Bxd7 19. Nd2 Rf8 20. Nxe4 dxe4 21.
Bxe4 e5 22. f4 Rxg2+ 23. Bxg2 Bc6 24. Qd2 exf4 25. Qf2 Rf5 26. Rad1 Rg5 27. d5
f3 28. Qxf3 Kh7 29. dxc6 1-0

[Event "BPB Limburg-open C"]
[Site "Maastricht"]
[Date "2015.05.25"]
[Round "7"]
[White "Mitran, Ovi"]
[Black "Wiedenbruch, Paul"]
[Result "1-0"]
[WhiteElo "1523"]
[BlackElo "1045"]
[PlyCount "59"]
[EventDate "2015.05.22"]
[EventType "swiss"]
[EventRounds "7"]
[EventCountry "NED"]
[Source "P.Boonen"]
[SourceDate "2015.01.01"]

1. Nf3 Nf6 2. b3 d6 3. d4 Bf5 4. c4 Nc6 5. a3 e6 6. Nh4 Bxb1 7. Rxb1 Ne4 8. Nf3
Nc3 9. Qc2 Nxb1 10. Qxb1 d5 11. e3 Bd6 12. Bd3 Qe7 13. c5 Bxc5 14. dxc5 Qxc5
15. O-O e5 16. Bb2 e4 17. Rc1 Qd6 18. Bxe4 dxe4 19. Qxe4+ Kf8 20. Qg4 Rg8 21.
h4 Qg6 22. Qc4 Qe6 23. Qb5 Rb8 24. a4 a6 25. Ba3+ Ne7 26. Qd3 Ke8 27. Rxc7 Rd8
28. Nd4 Ng6 29. h5 Ne5 30. Qxh7 1-0

[Event "BPB Limburg-open C"]
[Site "Maastricht"]
[Date "2015.05.25"]
[Round "7"]
[White "Mohammadi Nia, Nosratollah"]
[Black "Ten Have, Dimitri"]
[Result "1-0"]
[WhiteElo "1168"]
[BlackElo "1142"]
[PlyCount "51"]
[EventDate "2015.05.22"]
[EventType "swiss"]
[EventRounds "7"]
[EventCountry "NED"]
[Source "P.Boonen"]
[SourceDate "2015.01.01"]

1. e4 d5 2. e5 Bf5 3. Nf3 Nd7 4. d4 e6 5. Be2 c5 6. c3 f6 7. Qa4 a6 8. Bf4 b5
9. Qd1 Ne7 10. O-O Ng6 11. Bg3 Bg4 12. Nbd2 fxe5 13. Nxe5 Ndxe5 14. Bxe5 Nxe5
15. Bxg4 Nxg4 16. Qxg4 Qf6 17. Rae1 Kf7 18. Re3 Qh6 19. Rfe1 Re8 20. Nf3 Bd6
21. g3 Qg6 22. Ng5+ Kg8 23. Rxe6 Rxe6 24. Rxe6 Qb1+ 25. Kg2 Bf8 26. Qf4 1-0

[Event "BPB Limburg-open C"]
[Site "Maastricht"]
[Date "2015.05.25"]
[Round "7"]
[White "Muntean, Victor"]
[Black "Loutragotis, Paraskevas Pantelei"]
[Result "0-1"]
[WhiteElo "1254"]
[BlackElo "1562"]
[PlyCount "96"]
[EventDate "2015.05.22"]
[EventType "swiss"]
[EventRounds "7"]
[EventCountry "NED"]
[Source "P.Boonen"]
[SourceDate "2015.01.01"]

1. e4 c5 2. c3 Nf6 3. e5 Nd5 4. d4 cxd4 5. cxd4 d6 6. Bc4 Nb6 7. Bb5+ Bd7 8.
Bxd7+ Qxd7 9. Nf3 e6 10. Nc3 Nc6 11. O-O Rd8 12. Bf4 dxe5 13. Bxe5 f6 14. Bg3
Nxd4 15. Nxd4 Qxd4 16. Qxd4 Rxd4 17. Nb5 Rd2 18. b3 a6 19. Nc7+ Kf7 20. Bf4 Rc2
21. Rfc1 Rxc1+ 22. Rxc1 Ba3 23. Rd1 Rc8 24. Be3 Rxc7 25. Bxb6 Rc6 26. Be3 Rd6
27. Rxd6 Bxd6 28. g4 b5 29. f4 f5 30. g5 Kg6 31. Kg2 e5 32. fxe5 Bxe5 33. h4 f4
34. Bf2 Kf5 35. Kf3 Bc3 36. a4 g6 37. axb5 axb5 38. Ke2 Ke4 39. Bc5 Bd4 40. Ba3
f3+ 41. Kf1 Kf4 42. Bc1+ Kg4 43. Bd2 Kxh4 44. Ke1 Kg3 45. Kf1 f2 46. Bc1 Kf3
47. Ba3 Be3 48. Be7 Kg4 0-1

[Event "BPB Limburg-open C"]
[Site "Maastricht"]
[Date "2015.05.25"]
[Round "7"]
[White "Oord, Jan"]
[Black "Daemen, Jules"]
[Result "0-1"]
[WhiteElo "1423"]
[BlackElo "1688"]
[PlyCount "54"]
[EventDate "2015.05.22"]
[EventType "swiss"]
[EventRounds "7"]
[EventCountry "NED"]
[Source "P.Boonen"]
[SourceDate "2015.01.01"]

1. d4 Nf6 2. c4 e6 3. Nc3 b6 4. e4 Bb7 5. f3 c5 6. d5 d6 7. Bd3 Be7 8. Nge2 O-O
9. Nf4 exd5 10. exd5 Re8 11. O-O Nbd7 12. b3 Ne5 13. Bc2 Rb8 14. Nd3 Nfd7 15.
Bf4 Bf6 16. Qd2 Ba6 17. Nxe5 Nxe5 18. Bxe5 Bxe5 19. Rae1 b5 20. Qd3 g6 21. Nxb5
Bxb5 22. cxb5 Qh4 23. f4 Bd4+ 24. Kh1 Rxe1 25. g3 Rxf1+ 26. Qxf1 Qe7 27. a4 Re8
0-1